| 000 | 00812nas a2200253Ia 4500 | ||
|---|---|---|---|
| 001 | R034/43994 | ||
| 003 | IT-RoPAU | ||
| 008 | 151124c99999999xx |||||||||||| ||und|| | ||
| 040 | _aIT-RoPAU | ||
| 040 | _cIT-RoPAU | ||
| 041 | _aITALIANO | ||
| 100 |
_aAA.VV. _gCodice Aut. SPICS: 12000 |
||
| 210 | _aSEGNALAZIONI CINEMATOGRAFICHE | ||
| 222 | _aSegnalazioni Cinematografiche | ||
| 245 |
_aSEGNALAZIONI CINEMATOGRAFICHE, 1948 (VOLUME 23) _bSegnalazioni Cinematografiche, 1948 (Volume 23) |
||
| 250 | _a2a ed. | ||
| 260 |
_aROMA _bCENTRO CATTOLICO CINEMATOGRAFICO _c1948 |
||
| 501 |
_bPaulus - SPICS - Società San Paolo EM (non-commercial uses only) _cCopyright2015 |
||
| 300 | _a220 p. | ||
| 310 | _aSEMESTRALE | ||
| 362 | _a (VOLUME 23) | ||
| 650 |
_aCINEMA _vPUBBLICAZIONE PERIODICA |
||
| 942 | _cCR | ||
| 999 |
_c187713 _d187713 |
||